Statistics for Religion Final

Click here to take the quiz!

General Stats

  • This quiz has been taken 9 times
  • The average score is 61 of 130

Answer Stats

HintAnswer% Correct
12 ApostlesBartholomew
100%
Who was at the Cross?Beloved Disciple John
100%
12 Apostles | The first Four Apostles called by Jesus in the Gospel of MatthewJames
100%
12 Apostles | Four Gospel Writers | The first Four Apostles called by Jesus in the Gospel of Matthew | +2 othersJohn
100%
Who is known as the forerunner of Jesus Christ?John the Baptist
100%
Four Gospel Writers | Who wrote the Acts of the Apostles?Luke
100%
Four Gospel WritersMark
100%
12 Apostles | Four Gospel WritersMatthew
100%
12 Apostles | The first Four Apostles called by Jesus in the Gospel of Matthew | What did Jesus change Simon's name to? | +3 othersPeter
100%
12 ApostlesPhilip
100%
12 ApostlesSimon
100%
Name all the different Liturgical seasonsAdvent
75%
12 Apostles | The first Four Apostles called by Jesus in the Gospel of MatthewAndrew
75%
Who were 2 of Paul's companions on his journeys?Barnabus
75%
Name all the different Liturgical seasonsChristmas
75%
Name all the different Liturgical seasonsEaster
75%
Name the 5 Main Holy Days of Holy Week in orderEaster Sunday
75%
Who appeared to both Joseph and Mary about the birth of Jesus?Gabriel
75%
Name the 5 Main Holy Days of Holy Week in orderGood Friday
75%
Who betrayed Jesus?Judas
75%
12 ApostlesJudas Iscariot
75%
Name the 5 Main Holy Days of Holy Week in orderPalm Sunday
75%
Who sentenced Jesus to death?Pontius Pilate
75%
Different Colors during the Liturgical YearRed -Passion Sunday/Good Friday/Pentecost/Feast days of the Apostles and martyrs
75%
12 ApostlesThomas
75%
Different Colors during the Liturgical YearWhite - Easter/Christmas/Feast of the Blessed Mother/Angels and Saints who weren’t martyred
75%
Petitions of the Our Father (In order)Deliver us from evil
50%
Who are the 2 prophets that appear at the Transfiguration?Elijah
50%
Petitions of the Our Father (In order)Forgive us our trespasses as we forgive those who trespass against us
50%
What did the Magi bring to the Holy Family in the Nativity Scene?Frankincense
50%
Petitions of the Our Father (In order)Give us this day, our daily bread
50%
What did the Magi bring to the Holy Family in the Nativity Scene?Gold
50%
What does Gospel Mean?Good News
50%
Jesus commission his disciples to spread the _____ around the worldGospel
50%
Petitions of the Our Father (In order)Hallowed be thy name
50%
Name the 5 Main Holy Days of Holy Week in orderHoly Saturday
50%
Name the 5 Main Holy Days of Holy Week in orderHoly Thursday
50%
When was the priesthood instituted?Holy Thursday / Last Supper
50%
Who were the disciples known as sons of thunder?James and John
50%
12 ApostlesJude
50%
Petitions of the Our Father (In order)Lead us not into temptation
50%
Name all the different Liturgical seasonsLent
50%
Who was at the Cross? | Who was at the Tomb and mistaken Jesus as the gardener?Mary Magdalene
50%
Who are the 2 prophets that appear at the Transfiguration?Moses
50%
What did the Magi bring to the Holy Family in the Nativity Scene?Myrrh
50%
Name all the different Liturgical seasonsOrdinary Time
50%
The different teaching methods of JesusParables
50%
Different Colors during the Liturgical YearPurple - Advent/Lent
50%
How many Sacraments do we see in the New Testament?Seven
50%
Who helped Jesus carry his cross?Simon of Cyrene
50%
What Sacrament do we see portrayed in the Road to Emmaus?The Eucharist
50%
What is Jesus being made human by being conceived by Mary called?The Incarnation
50%
When was the first Mass?The Last Supper
50%
How many times is Paul's conversion story mentioned in Acts of the Apostles?Three
50%
Petitions of the Our Father (In order)Thy kingdom come
50%
Petitions of the Our Father (In order)Thy will be done
50%
Who were 2 of Paul's companions on his journeys?Timothy
50%
Who was at the Cross?Virgin Mary
50%
Name the different types of prayerAdoration
25%
Five characteristics about JohnAn Apostle
25%
What is the event called when The Angel Gabriel came to Mary and said she was going to have The Son of God?Annunciation
25%
Who was put through the roof to get healed by Jesus?A Paralytic
25%
Name the beatitudesBlessed are the poor in spirit, for theirs is the kingdom of heaven.
25%
The beatitudes are main ________ disciples should haveCharacteristics
25%
Three states of the ChurchChurch Militant
25%
Three states of the ChurchChurch Penitant
25%
Three states of the ChurchChurch Triumphant
25%
4 Parts of the MassConcluding RIte
25%
The different teaching methods of JesusConversation
25%
The different teaching methods of JesusDemonstration
25%
When does the Liturgical year Start?First Sunday of Advent
25%
Different Colors during the Liturgical YearGreen - Ordinary TIme
25%
What does beatitude mean?Happiness
25%
Name the different types of prayerIntercession
25%
4 Parts of the MassIntroductory RIte
25%
Five characteristics about JohnKnown as the beloved disciple
25%
Letters Paul wrote (to groups of peopleLetter to the Corinthians
25%
Letters Paul wrote (to groups of people)Letter to the Ephesians
25%
Letters Paul wrote (to groups of people)Letter to the Philippians
25%
Letters Paul wrote (to groups of people)Letter to the Romans
25%
Name the different types of prayerLiturgical
25%
4 Parts of the MassLiturgy of the Eucharist
25%
4 Parts of the MassLiturgy of the Word
25%
Where can the beatitudes be found? (Book and passage)Matthew 5; Sermon on the Mount
25%
What mystery is Jesus's life, death, and resurrection?Paschal Mystery
25%
Name the different types of prayerPetition
25%
What does red represent?Sacrifice
25%
The different teaching methods of JesusSermons
25%
Who was the first martyr of the Church?St. Stephen
25%
Name the different types of prayerThanksgiving
25%
What is the place called where heaven meets earth?The altar
25%
What story is in John 10?The Good Shephard
25%
What event happened when the disciples received the Holy Spirit?A flame appeared over their heads and they preached, and everyone, no matter what language they spoke, could understand them.
0%
What does pink represent?Anticipation
0%
Why is Good Friday called good?Because Jesus showed his love for man by accepting his crucifixion
0%
Name the beatitudesBlessed are the meek, for they will inherit the earth.
0%
Name the beatitudesBlessed are the merciful, for they shall be shown mercy
0%
Name the beatitudesBlessed are the peacemakers, for they will be called the sons of God
0%
Name the beatitudesBlessed are the pure in heart, for they will see God
0%
Name the beatitudesBlessed are those who are persecuted because of righteousness, for theirs is the kingdom of heaven
0%
Name the beatitudesBlessed are those who hunger and thirst after righteousness for they will be filled
0%
Name the beatitudesBlessed are those who mourn, for they will be comforted.
0%
Name the beatitudesBlessed are you when people insult you, persecute you and falsely say all kinds of evil against you because of me. Rejoice and be glad, because great is your reward in heaven, for in the same way they persecuted the prophets who were before you
0%
What are the other 3 colors we see worn during the Liturgical Year?Gold, black, and rose
0%
What does green represent?Hope, life, growth
0%
What does white represent?Joy, purity
0%
Letters Paul wrote (to groups of people)Letter to the Colossians
0%
Letters Paul wrote (to groups of peopleLetter to the Glatians
0%
Letters Paul wrote (to groups of people)Letter to the Thessalonians
0%
Five characteristics about JohnNever mentioned by name in the bible
0%
What does purple represent?Penance, preparation
0%
Different Colors during the Liturgical YearPink - Third Sunday in Advent/Fourth Sunday during Lent
0%
Name the different types of prayerPraise
0%
Five characteristics about JohnProvided detailed accounts
0%
Five characteristics about JohnWrote his gosepl around 90 AD
0%

Score Distribution

Percentile by Number Answered

Percent of People with Each Score

Your Score History

You have not taken this quiz